| 000 | 00350nam a22001337a 4500 | ||
|---|---|---|---|
| 082 |
_a387.7 _bBLK _cD |
||
| 100 |
_aBlake, John _938356 |
||
| 245 |
_aFlight the five ages of aviation _cJohn Blake |
||
| 260 |
_aHong Kong _bBLA _c1991 |
||
| 300 |
_a151 p, : _bill: |
||
| 526 |
_a0 _b0 _c0 _d387_700000000000000_BLK |
||
| 650 |
_aMCE _9379 |
||
| 942 |
_2ddc _cBK |
||
| 999 |
_c542967 _d542967 |
||